000 00911cam a22002897a 4500
003 CHAP
005 20220329134110.0
008 971013c19651960 r 00010 d
010 _a15348
011 _a16320
035 _a20399
040 _cCHAP
082 _a301.16
_bB4
100 0 0 _aBerlo, David K.
_911833
245 1 4 _aThe process of communication ; an introduction to theory and practice
260 _aNew York :
_bHolt,
_c1965 (c.1960)
300 _a318 p.
590 _aBATCH-UPD
_b10
_c20130110
_lUCH01
_h1807
590 _aBATCH-UPD
_b10
_c20130410
_lUCH01
_h1142
590 _aBATCH-UPD
_b10
_c20130914
_lUCH01
_h1024
590 _aCONVERSION
_b10
_c20130109
_lUCH01
_h1310
650 1 4 _aComunicación, teoría de la.
_926242
901 _aBK
942 _cLIBRO
949 _a301.16 B4
_bBC
_cLIBRO
_d-47641
_eLIBRO
_h685
_i20399
_si
949 _a301.16 B4
_bBC
_cLIBRO
_d-47642
_eLIBRO
_fc.2
_h686
_i20399
_si
999 _c15348
_d15348